000 00376 a2200169 4500
001 68865
020 _a8508069324
040 _cAnchieta - Itaigara
100 _aMachado, Ana Maria
240 1 0 _aO pavão do abre-e-fecha
_lpor
245 1 0 _aO pavão do abre-e-fecha
300 _a24
362 0 _a1998
440 1 _aÁtica
650 4 _aLiteratura infantil
942 _cBK
999 _c68865
_d68865